Juegos con naipes españoles [juego] /

Guardado en:
Autor Principal: Bontus
Formato: Objeto Físico
Publicado: Buenos Aires : Bontus, 2019.
Materias:
Etiquetas: Agregar Etiqueta
Sin Etiquetas, Sea el primero en etiquetar este registro!
LEADER 00461nrm a22001455a 4500
001 CEM.cems018724
008 130507s2019####ag############0###0#####d
005 20230912093442.0
245 1 0 |a Juegos con naipes españoles [juego] /  |c Bontus. 
260 |a Buenos Aires :  |b Bontus,  |c 2019. 
300 |a 2 masos de naipes (50 cartas c/u). 
100 1 |a Bontus 
082 0 4 |a A3 
653 |a Juegos de mesa / naipes / cartas / 
859 |a CEMS  |b BIB. CEMS - Agricultura  |h A3  |i 1-6  |p A0037.99  |t Ej.1